<?xml version="1.0" encoding="UTF-8"?>
<record
    xmlns:xsi="http://www.w3.org/2001/XMLSchema-instance"
    xsi:schemaLocation="http://www.loc.gov/MARC21/slim http://www.loc.gov/standards/marcxml/schema/MARC21slim.xsd"
    xmlns="http://www.loc.gov/MARC21/slim">

  <leader>00578nam a22002057a 4500</leader>
  <controlfield tag="003">OSt</controlfield>
  <controlfield tag="005">20181013095730.0</controlfield>
  <controlfield tag="008">130919t        xxu||||| |||| 00| 0 eng d</controlfield>
  <datafield tag="050" ind1=" " ind2=" ">
    <subfield code="a">PE 1117</subfield>
    <subfield code="b">.C392h 1993</subfield>
  </datafield>
  <datafield tag="082" ind1=" " ind2=" ">
    <subfield code="a">GS 372.4</subfield>
    <subfield code="b">Cel.6D 1993</subfield>
  </datafield>
  <datafield tag="245" ind1=" " ind2=" ">
    <subfield code="a">Journey home :</subfield>
    <subfield code="b">and other routes to belonging /</subfield>
  </datafield>
  <datafield tag="260" ind1=" " ind2=" ">
    <subfield code="a">Illinois : </subfield>
    <subfield code="b">Scott, Foresman and Company,  </subfield>
    <subfield code="c">1993. </subfield>
  </datafield>
  <datafield tag="300" ind1=" " ind2=" ">
    <subfield code="a">144 p. :</subfield>
    <subfield code="c">23 cm.</subfield>
  </datafield>
  <datafield tag="440" ind1=" " ind2=" ">
    <subfield code="a">Celebrate reading</subfield>
    <subfield code="9">20980</subfield>
  </datafield>
  <datafield tag="650" ind1=" " ind2=" ">
    <subfield code="a">Reading </subfield>
    <subfield code="9">902</subfield>
  </datafield>
  <datafield tag="650" ind1=" " ind2=" ">
    <subfield code="a">Childrens Stories </subfield>
    <subfield code="9">5902</subfield>
  </datafield>
  <datafield tag="650" ind1=" " ind2=" ">
    <subfield code="a">Home</subfield>
    <subfield code="9">20983</subfield>
  </datafield>
  <datafield tag="942" ind1=" " ind2=" ">
    <subfield code="2">lcc</subfield>
    <subfield code="c">BK</subfield>
  </datafield>
  <datafield tag="999" ind1=" " ind2=" ">
    <subfield code="c">11715</subfield>
    <subfield code="d">11715</subfield>
  </datafield>
  <datafield tag="952" ind1=" " ind2=" ">
    <subfield code="0">0</subfield>
    <subfield code="1">0</subfield>
    <subfield code="2">lcc</subfield>
    <subfield code="4">0</subfield>
    <subfield code="a">LUX</subfield>
    <subfield code="b">LUX</subfield>
    <subfield code="c">GS</subfield>
    <subfield code="d">2013-09-19</subfield>
    <subfield code="l">1</subfield>
    <subfield code="o">PE 1117 .C392h 1993</subfield>
    <subfield code="p">7598</subfield>
    <subfield code="r">2015-07-14 00:00:00</subfield>
    <subfield code="s">2014-07-28</subfield>
    <subfield code="t">1</subfield>
    <subfield code="w">2013-09-19</subfield>
    <subfield code="y">BK</subfield>
  </datafield>
</record>
